000
00368nam a2200169Ia 4500
003
0STCL
008
150530s9999 xx 000 0 und d
040
_a
STCL
_c
STCL
100
_a
Kurup, G.K.
245
_a
Upasana
260
_b
Sahrudayavedi; Trichur
_c
1976
300
_a
0
546
_a
Malayalam
942
_2
ddc
_c
BK
999
_c
46191
_d
46191
005
20220125170704.0